[Event "4NCL/Div4/LEICS vs. JUTK"]
[Site "Birmingham ENG"]
[Date "2006.09.24"]
[Round "2.5"]
[White "Hewitt, Sean D"]
[Black "Robertson, Mark"]
[Result "1-0"]
[WhiteElo "1945"]
[BlackElo "2105"]
[PlyCount "79"]
[EventDate "2006.09.24"]
[EventType "team"]
[EventRounds "11"]
[EventCountry "ENG"]
[WhiteTeam "Leicester"]
[BlackTeam "Jutes of Kent"]

1. e4 d6 2. Nc3 g6 3. Bc4 Bg7 4. f4 Nf6 5. d3 O-O 6. Nf3 c6 7. Bb3 Na6 8. a3 d5
9. e5 Ng4 10. d4 f6 11. h3 Nh6 12. g4 Kh8 13. Be3 b5 14. Ne2 b4 15. a4 Nc7 16.
Qd2 Rb8 17. f5 Nf7 18. fxg6 hxg6 19. Nf4 Kh7 20. Qd3 Nh8 21. h4 Bxg4 22. Nxg6
Bxf3 23. Nxf8+ Kg8 24. Qh7+ Kxf8 25. Rg1 Ne6 26. Bh6 Nf7 27. Bxg7+ Ke8 28. Qg8+
Kd7 29. Qxf7 Qb6 30. exf6 Re8 31. fxe7 Rxe7 32. Qf5 Kc7 33. Be5+ Kb7 34. Qf6
Qd8 35. c3 Bh5 36. Kd2 Qe8 37. Rg8 Qxg8 38. Qxe7+ Ka6 39. Bxd5 Qg4 40. Bc4+ 1-0

[Event "4NCL/Div4/LEICS vs. JUTK"]
[Site "Birmingham ENG"]
[Date "2006.09.24"]
[Round "2.6"]
[White "Donovan, Nigel"]
[Black "Johnson, Andy"]
[Result "1-0"]
[WhiteElo "2119"]
[BlackElo "1810"]
[PlyCount "61"]
[EventDate "2006.09.24"]
[EventType "team"]
[EventRounds "11"]
[EventCountry "ENG"]
[WhiteTeam "Jutes of Kent"]
[BlackTeam "Leicester"]

1. e4 d5 2. exd5 Qxd5 3. Nc3 Qa5 4. d4 Nf6 5. Bc4 Bf5 6. Bd2 c6 7. Nd5 Qd8 8.
Nxf6+ gxf6 9. c3 e6 10. Qf3 Rg8 11. h3 Nd7 12. Ne2 Nb6 13. Bb3 Qd7 14. Ng3 Qe7
15. Nxf5 exf5+ 16. Kd1 Qd7 17. Re1+ Kd8 18. g3 Bd6 19. Bc2 Nc4 20. Bxf5 Qc7 21.
Bxh7 Re8 22. Rxe8+ Kxe8 23. Qe2+ Ne5 24. dxe5 fxe5 25. Kc2 Rd8 26. Bg5 Be7 27.
Bxe7 Qxe7 28. Rd1 Rc8 29. Bf5 Rc7 30. Qg4 Qf6 31. Qg8+ 1-0

[Event "4NCL/Div4/OXF2 vs. GLOSG"]
[Site "Birmingham ENG"]
[Date "2006.09.24"]
[Round "2.1"]
[White "Shaw, David A"]
[Black "Hosken, Nigel"]
[Result "1-0"]
[WhiteElo "2201"]
[BlackElo "2008"]
[PlyCount "65"]
[EventDate "2006.09.24"]
[EventType "team"]
[EventRounds "11"]
[EventCountry "ENG"]
[WhiteTeam "Oxford 2"]
[BlackTeam "Glos Gambits"]

1. e4 c5 2. Nf3 d6 3. d4 cxd4 4. Nxd4 Nf6 5. Nc3 a6 6. f3 e6 7. Be3 b5 8. Qd2
Bb7 9. g4 Nfd7 10. O-O-O Nb6 11. Qf2 N8d7 12. Bd3 Be7 13. h4 O-O 14. g5 Rc8 15.
Nce2 Nc4 16. Bxc4 bxc4 17. Nc3 Qe8 18. Rdg1 Nc5 19. Qf1 Na4 20. h5 Nxc3 21.
bxc3 e5 22. Nf5 d5 23. g6 Ba3+ 24. Kd1 fxg6 25. hxg6 dxe4 26. gxh7+ Kh8 27.
Rxg7 Qd8+ 28. Ke1 exf3 29. Rg8+ Rxg8 30. hxg8=Q+ Kxg8 31. Qg1+ Kf7 32. Qg7+ Ke6
33. Rh6+ 1-0

[Event "4NCL/Div4/OXF2 vs. GLOSG"]
[Site "Birmingham ENG"]
[Date "2006.09.24"]
[Round "2.2"]
[White "Ponter, Ian"]
[Black "Dickinson, Timothy R"]
[Result "0-1"]
[WhiteElo "2048"]
[BlackElo "2206"]
[PlyCount "72"]
[EventDate "2006.09.24"]
[EventType "team"]
[EventRounds "11"]
[EventCountry "ENG"]
[WhiteTeam "Glos Gambits"]
[BlackTeam "Oxford 2"]

1. e4 c6 2. d4 d5 3. Nc3 dxe4 4. Nxe4 Nd7 5. Bc4 Ngf6 6. Nxf6+ Nxf6 7. Ne2 Bg4
8. f3 Bf5 9. Be3 Nd5 10. Bxd5 cxd5 11. Nf4 e6 12. g4 Bd6 13. Qe2 Bg6 14. h4 Qc7
15. Nxg6 hxg6 16. O-O-O O-O-O 17. Kb1 Be7 18. Rd3 Qg3 19. Bf2 Qf4 20. Rc3+ Kb8
21. Rh3 Ka8 22. Bg3 Qxd4 23. Rh1 Bd6 24. Bxd6 Rxd6 25. Rc7 Rf8 26. Rd1 Qb6 27.
Rc3 Rc6 28. Rb3 Qc7 29. Rdd3 Qg3 30. h5 gxh5 31. gxh5 Qg1+ 32. Rd1 Qg5 33. Qb5
Rc7 34. Qa5 Rfc8 35. Ra3 a6 36. Rh1 Rxc2 0-1

[Event "4NCL/Div4/OXF2 vs. GLOSG"]
[Site "Birmingham ENG"]
[Date "2006.09.24"]
[Round "2.3"]
[White "Hackett, David G"]
[Black "Buchanan, David"]
[Result "1-0"]
[WhiteElo "2150"]
[BlackElo "2085"]
[PlyCount "71"]
[EventDate "2006.09.24"]
[EventType "team"]
[EventRounds "11"]
[EventCountry "ENG"]
[WhiteTeam "Oxford 2"]
[BlackTeam "Glos Gambits"]

1. e4 e6 2. d4 d5 3. e5 c5 4. c3 Qb6 5. Nf3 Bd7 6. a4 c4 7. g3 Nc6 8. Bh3 Na5
9. Nbd2 Be7 10. O-O O-O-O 11. Ne1 h5 12. Ng2 g5 13. Ne3 f5 14. exf6 Nxf6 15.
Re1 Bd6 16. Rb1 Rdg8 17. b4 cxb3 18. c4 Bb4 19. cxd5 g4 20. Bg2 Bxa4 21. Bb2
exd5 22. Bxd5 Nxd5 23. Nxd5 Qd6 24. Ne7+ Kb8 25. d5 Ka8 26. Re6 Qd7 27. Nxg8
Rxg8 28. Ne4 Rc8 29. Nf6 Qf7 30. Re4 Nc4 31. Rc1 b5 32. d6 Rd8 33. d7 Be7 34.
Rxe7 Qxe7 35. Rxc4 Rxd7 36. Nxd7 1-0

[Event "4NCL/Div4/OXF2 vs. GLOSG"]
[Site "Birmingham ENG"]
[Date "2006.09.24"]
[Round "2.4"]
[White "Dodwell, Phil"]
[Black "Scott, David A"]
[Result "1-0"]
[WhiteElo "2065"]
[BlackElo "2110"]
[PlyCount "103"]
[EventDate "2006.09.24"]
[EventType "team"]
[EventRounds "11"]
[EventCountry "ENG"]
[WhiteTeam "Glos Gambits"]
[BlackTeam "Oxford 2"]

1. e4 c5 2. Nf3 Nc6 3. Bb5 g6 4. O-O Bg7 5. c3 e5 6. d4 exd4 7. cxd4 Nxd4 8.
Nc3 a6 9. Bc4 Ne7 10. Bg5 h6 11. Bh4 O-O 12. Nxd4 Bxd4 13. Qd2 Kh7 14. Ne2 d5
15. exd5 g5 16. Nxd4 cxd4 17. Bg3 Nxd5 18. Qxd4 Nf6 19. Qxd8 Rxd8 20. Bxf7 Bg4
21. f3 Rd7 22. Bb3 Bf5 23. Rad1 Rad8 24. Rxd7+ Rxd7 25. Rc1 Kg7 26. Rc7 Bg6 27.
Be6 Rxc7 28. Bxc7 Bf7 29. Bc8 Bxa2 30. Bxb7 Bc4 31. Be5 Kf7 32. Bxf6 Kxf6 33.
Kf2 Ke5 34. Ke3 a5 35. g3 Be6 36. Be4 a4 37. Bc2 Bd7 38. Be4 Be6 39. Bc6 Bb3
40. Kd3 Kd6 41. Be4 Kc5 42. Kc3 Bf7 43. h4 gxh4 44. gxh4 Be8 45. f4 Bf7 46. Bf5
Be8 47. Be6 Kd6 48. Bg8 Bg6 49. Kd4 Bc2 50. Bd5 Bg6 51. Bc4 Bb1 52. Bd3 1-0

[Event "4NCL/Div4/OXF2 vs. GLOSG"]
[Site "Birmingham ENG"]
[Date "2006.09.24"]
[Round "2.5"]
[White "Ludbrook, Matt"]
[Black "Meade, Philip J"]
[Result "0-1"]
[WhiteElo "2058"]
[BlackElo "2050"]
[PlyCount "86"]
[EventDate "2006.09.24"]
[EventType "team"]
[EventRounds "11"]
[EventCountry "ENG"]
[WhiteTeam "Oxford 2"]
[BlackTeam "Glos Gambits"]

1. e4 c5 2. Nc3 Nc6 3. d3 g6 4. Be3 d6 5. g3 Bg7 6. Bg2 e6 7. Qd2 Qa5 8. Nh3
Bd7 9. O-O Nge7 10. f4 f5 11. Rfe1 O-O 12. Bf2 Rab8 13. Ng5 e5 14. a3 Nd4 15.
Rad1 Kh8 16. Nd5 Qxd2 17. Rxd2 Nxd5 18. exd5 h6 19. Nf3 Nxf3+ 20. Bxf3 Rfe8 21.
c3 exf4 22. Rxe8+ Rxe8 23. gxf4 Kg8 24. Bh4 Kf7 25. Kf2 a5 26. Re2 a4 27. Ke1
Bb5 28. Kd2 Rxe2+ 29. Bxe2 Bf6 30. Bxf6 Kxf6 31. h4 g5 32. hxg5+ hxg5 33. fxg5+
Kxg5 34. Ke3 Be8 35. Bd1 f4+ 36. Kf2 Kf5 37. Bc2 Ke5 38. c4 b5 39. b3 axb3 40.
Bxb3 Kd4 41. Kf3 Kxd3 42. cxb5 Bxb5 43. a4 Bc4 0-1

[Event "4NCL/Div4/OXF2 vs. GLOSG"]
[Site "Birmingham ENG"]
[Date "2006.09.24"]
[Round "2.6"]
[White "Taylor, Geoffrey P"]
[Black "Bruce, Dave"]
[Result "0-1"]
[WhiteElo "2052"]
[BlackElo "2025"]
[PlyCount "92"]
[EventDate "2006.09.24"]
[EventType "team"]
[EventRounds "11"]
[EventCountry "ENG"]
[WhiteTeam "Glos Gambits"]
[BlackTeam "Oxford 2"]

1. e4 e6 2. d4 d5 3. e5 c5 4. c3 Nc6 5. Nf3 Bd7 6. a3 f6 7. Bd3 Qc7 8. Bf4 c4
9. Bc2 Qb6 10. Qe2 O-O-O 11. Ra2 g5 12. Bg3 g4 13. Nh4 f5 14. O-O Be7 15. f4
Nh6 16. Nd2 Na5 17. Rb1 Bb5 18. Qe1 Nb3 19. Qd1 Ba4 20. Nf1 Rhf8 21. Qe2 Rd7
22. Bf2 Qd8 23. g3 Bxh4 24. gxh4 g3 25. Bxg3 Rg7 26. Kh1 Rfg8 27. Qh5 Rg6 28.
Bd1 Be8 29. Qe2 Qxh4 30. Qf2 Qe7 31. a4 Ng4 32. Bxg4 Rxg4 33. Ne3 R4g7 34. Ra3
Qf7 35. a5 Qh5 36. Kg2 Rg6 37. a6 b5 38. Rh1 Rh6 39. Nf1 Qh3+ 40. Kg1 Qh5 41.
Kg2 Nc1 42. Ra1 Nd3 43. Qd2 Qg4 44. h3 Nxf4+ 45. Kf2 Rxh3 46. Rg1 Nd3+ 0-1

[Event "4NCL/Div4/MONM vs. PPA2"]
[Site "Birmingham ENG"]
[Date "2006.09.24"]
[Round "2.1"]
[White "Sully, David"]
[Black "Dunn, Andrew"]
[Result "1/2-1/2"]
[WhiteElo "2145"]
[BlackElo "2199"]
[PlyCount "59"]
[EventDate "2006.09.24"]
[EventType "team"]
[EventRounds "11"]
[EventCountry "ENG"]
[WhiteTeam "Monmouth"]
[BlackTeam "Poisnd Pawns 2"]

1. e4 c6 2. d4 d5 3. exd5 cxd5 4. c3 Nc6 5. Bd3 Qc7 6. Ne2 Bg4 7. Qb3 Bxe2 8.
Kxe2 e6 9. Nd2 Bd6 10. Nf3 a6 11. Bg5 Nge7 12. Bh4 Ng6 13. Bg3 Nf4+ 14. Bxf4
Bxf4 15. g3 Bd6 16. Kf1 h6 17. h4 O-O 18. Re1 b5 19. Bb1 Rae8 20. Qc2 f5 21.
Kg2 Qf7 22. h5 Bb8 23. g4 Qd7 24. Nh4 Ne7 25. Qd2 Rf6 26. gxf5 Ref8 27. Rh3 Qd6
28. Qe3 R8f7 29. Re2 exf5 30. Qf3 1/2-1/2

[Event "4NCL/Div4/MONM vs. PPA2"]
[Site "Birmingham ENG"]
[Date "2006.09.24"]
[Round "2.2"]
[White "Goodger, Martyn"]
[Black "Thomas, Joseff"]
[Result "1-0"]
[WhiteElo "2128"]
[BlackElo "2029"]
[PlyCount "117"]
[EventDate "2006.09.24"]
[EventType "team"]
[EventRounds "11"]
[EventCountry "ENG"]
[WhiteTeam "Poisnd Pawns 2"]
[BlackTeam "Monmouth"]

1. e4 e5 2. Nf3 Nc6 3. d4 exd4 4. Nxd4 Nxd4 5. Qxd4 Ne7 6. Nc3 Nc6 7. Qe3 Be7
8. Bd2 d6 9. O-O-O a6 10. Qg3 Bf6 11. Nd5 Be6 12. Nxf6+ Qxf6 13. Bc3 Qh6+ 14.
Kb1 f6 15. f4 Qh5 16. Bd3 Qf7 17. b3 Qf8 18. e5 fxe5 19. fxe5 d5 20. Rhf1 Qe7
21. Bd2 a5 22. Bb5 Rg8 23. Qc3 Qd7 24. Qc5 O-O-O 25. Bxc6 Qxc6 26. Qxa5 b6 27.
Qb4 d4 28. Bg5 Rd7 29. Rf2 Qe4 30. Re1 Qg4 31. Bc1 d3 32. Qxg4 dxc2+ 33. Kxc2
Bxg4 34. Ba3 Be6 35. Rd1 Rxd1 36. Kxd1 Kb7 37. Rf8 Rxf8 38. Bxf8 g6 39. Kd2 Kc6
40. Ke3 Kd5 41. Bg7 c5 42. Kf4 h5 43. Kg5 Bf5 44. Kf6 b5 45. a4 bxa4 46. bxa4
h4 47. a5 h3 48. gxh3 Bxh3 49. a6 Kc6 50. e6 Kb6 51. e7 Bd7 52. Kf7 Kxa6 53.
e8=Q Bxe8+ 54. Kxe8 g5 55. Kf7 g4 56. Kg6 Kb6 57. Kf5 Kc6 58. Kxg4 Kd7 59. Kf5
1-0

[Event "4NCL/Div4/MONM vs. PPA2"]
[Site "Birmingham ENG"]
[Date "2006.09.24"]
[Round "2.3"]
[White "Davis, Lee"]
[Black "McCorry, Robert T"]
[Result "1-0"]
[WhiteElo "2025"]
[BlackElo "2141"]
[PlyCount "61"]
[EventDate "2006.09.24"]
[EventType "team"]
[EventRounds "11"]
[EventCountry "ENG"]
[WhiteTeam "Monmouth"]
[BlackTeam "Poisnd Pawns 2"]

1. d4 Nf6 2. g3 e6 3. Bg2 c5 4. Nf3 Nc6 5. O-O b6 6. c4 cxd4 7. Nxd4 Bb7 8. b3
Rc8 9. Ba3 Bxa3 10. Nxa3 a6 11. Rc1 O-O 12. Nac2 d5 13. Nxc6 Bxc6 14. Nb4 Bb7
15. cxd5 Rxc1 16. Qxc1 Qd6 17. Qf4 e5 18. Qd2 a5 19. Nc2 e4 20. Ne3 Rd8 21. Rd1
h6 22. Qd4 Ba6 23. Bxe4 Bxe2 24. Re1 Nxe4 25. Qxe4 Bh5 26. Nf5 Qa3 27. Qe5 f6
28. Qc7 Qf8 29. Re7 Rc8 30. Rxg7+ Kh8 31. Qf4 1-0

[Event "4NCL/Div4/MONM vs. PPA2"]
[Site "Birmingham ENG"]
[Date "2006.09.24"]
[Round "2.4"]
[White "Taylor, Robert K"]
[Black "Waterfield, John"]
[Result "1/2-1/2"]
[WhiteElo "2130"]
[BlackElo "2060"]
[PlyCount "50"]
[EventDate "2006.09.24"]
[EventType "team"]
[EventRounds "11"]
[EventCountry "ENG"]
[WhiteTeam "Poisnd Pawns 2"]
[BlackTeam "Monmouth"]

1. e4 c5 2. Nf3 d6 3. d4 cxd4 4. Qxd4 Nc6 5. Bb5 Bd7 6. Bxc6 Bxc6 7. Nc3 Nf6 8.
Bg5 e6 9. O-O Be7 10. Rfe1 Qc7 11. Bh4 a6 12. h3 O-O 13. a4 Rfd8 14. Bg3 b6 15.
Qe3 Qb7 16. Nd4 b5 17. Nxc6 Qxc6 18. Qd4 Qb7 19. a5 Rac8 20. Qd3 d5 21. exd5
Nxd5 22. Qf3 Qc6 23. Be5 Nb4 24. Qg4 g6 25. Re2 f5 1/2-1/2

[Event "4NCL/Div4/MONM vs. PPA2"]
[Site "Birmingham ENG"]
[Date "2006.09.24"]
[Round "2.5"]
[White "Thomas, Jac"]
[Black "Bailey, Kevin"]
[Result "1/2-1/2"]
[WhiteElo "1960"]
[BlackElo "2091"]
[PlyCount "83"]
[EventDate "2006.09.24"]
[EventType "team"]
[EventRounds "11"]
[EventCountry "ENG"]
[WhiteTeam "Monmouth"]
[BlackTeam "Poisnd Pawns 2"]

1. e4 d6 2. d4 Nf6 3. Nc3 c6 4. h3 e5 5. dxe5 dxe5 6. Qxd8+ Kxd8 7. Bg5 Be6 8.
O-O-O+ Nbd7 9. Nf3 Kc7 10. a3 b5 11. Bd3 h6 12. Bh4 Nh5 13. g4 Nf4 14. Bg3
Nxd3+ 15. cxd3 Bd6 16. d4 exd4 17. Bxd6+ Kxd6 18. Nxd4 Kc7 19. f4 Nc5 20. Kc2
Rhe8 21. Rhe1 a5 22. f5 Bc4 23. b3 b4 24. bxc4 bxc3 25. e5 Re7 26. Re3 Rae8 27.
Nf3 Rb8 28. Rxc3 Ne4 29. Re3 Nf2 30. Rd6 Nxh3 31. Nd4 Nf2 32. Rxc6+ Kb7 33.
Rb3+ Ka7 34. Rxb8 Kxb8 35. f6 gxf6 36. Rxf6 Rd7 37. Nc6+ Kc7 38. Rxf2 Kxc6 39.
Rf6+ Kc5 40. Ra6 Kxc4 41. Rxa5 Kd4 42. Ra6 1/2-1/2

[Event "4NCL/Div4/MONM vs. PPA2"]
[Site "Birmingham ENG"]
[Date "2006.09.24"]
[Round "2.6"]
[White "Jeffries, Majid"]
[Black "Thomas, Kevin"]
[Result "0-1"]
[WhiteElo "2022"]
[BlackElo "1980"]
[PlyCount "74"]
[EventDate "2006.09.24"]
[EventType "team"]
[EventRounds "11"]
[EventCountry "ENG"]
[WhiteTeam "Poisnd Pawns 2"]
[BlackTeam "Monmouth"]

1. d4 Nf6 2. c4 g6 3. Nc3 Bg7 4. e4 d6 5. Nf3 O-O 6. Be2 Nc6 7. d5 Nb8 8. O-O
Nbd7 9. Be3 c5 10. Ne1 a6 11. a4 Qb6 12. Qd2 Ne5 13. a5 Qd8 14. h3 b5 15. axb6
Qxb6 16. f4 Ned7 17. Nd3 Qc7 18. Bf3 Rb8 19. Ra2 Rb4 20. Nxb4 cxb4 21. Nd1 Qxc4
22. b3 Qxb3 23. Rb2 Nxe4 24. Rxb3 Nxd2 25. Bxd2 a5 26. Be3 Nc5 27. Rb1 Bf5 28.
Rc1 b3 29. Bxc5 dxc5 30. Rxc5 Bd4+ 31. Kh2 Bxc5 32. Nc3 Bd6 33. Be4 Rc8 34.
Bxf5 gxf5 35. Nb5 a4 36. Nd4 b2 37. Nc6 a3 0-1

[Event "4NCL/Div4/GREN vs. MET"]
[Site "Birmingham ENG"]
[Date "2006.09.24"]
[Round "2.1"]
[White "Osborne, David C"]
[Black "Dickson, George"]
[Result "1/2-1/2"]
[WhiteElo "2135"]
[BlackElo "2145"]
[PlyCount "87"]
[EventDate "2006.09.24"]
[EventType "team"]
[EventRounds "11"]
[EventCountry "ENG"]
[WhiteTeam "Grendels Mother"]
[BlackTeam "Metropolitan"]

1. e4 e5 2. Bc4 Nf6 3. Nc3 Bc5 4. d3 d6 5. Na4 Bb6 6. Nxb6 axb6 7. Ne2 c6 8. a3
d5 9. exd5 cxd5 10. Ba2 Nc6 11. O-O O-O 12. Bg5 b5 13. Bxf6 gxf6 14. f4 b4 15.
fxe5 fxe5 16. Qd2 bxa3 17. bxa3 Ne7 18. Ng3 Qb6+ 19. Kh1 Qg6 20. Qb4 Nc6 21.
Qh4 Rxa3 22. Bxd5 Rxa1 23. Rxa1 Qg4 24. Qf6 Be6 25. Be4 Qg7 26. Qf2 Qg5 27. Rf1
Ra8 28. Qb6 Nd8 29. c4 Ra2 30. Bxb7 f5 31. Bf3 Rc2 32. h3 Qxg3 33. Qxd8+ Kf7
34. Bh5+ Kg7 35. Qe7+ Kh8 36. Qf6+ Qg7 37. Qxg7+ Kxg7 38. Rd1 e4 39. dxe4 fxe4
40. Rd4 Rxc4 41. Rxc4 Bxc4 42. g3 Kf6 43. Kg2 Ke5 44. Kf2 1/2-1/2

[Event "4NCL/Div4/GREN vs. MET"]
[Site "Birmingham ENG"]
[Date "2006.09.24"]
[Round "2.2"]
[White "Calvert, D Ian"]
[Black "Bass, John W"]
[Result "1-0"]
[WhiteElo "2061"]
[BlackElo "2095"]
[PlyCount "41"]
[EventDate "2006.09.24"]
[EventType "team"]
[EventRounds "11"]
[EventCountry "ENG"]
[WhiteTeam "Metropolitan"]
[BlackTeam "Grendels Mother"]

1. b3 e5 2. Bb2 d6 3. e3 Nc6 4. Nf3 Bd7 5. d4 exd4 6. Nxd4 Nf6 7. Bb5 g6 8. Qf3
Ne5 9. Qxb7 Qc8 10. Qxc8+ Rxc8 11. Bxd7+ Nexd7 12. Nc6 a6 13. Nc3 Ne5 14. Nxe5
dxe5 15. O-O-O Bd6 16. f3 Bc5 17. e4 c6 18. Na4 Be3+ 19. Kb1 Nd7 20. Rd3 Ba7
21. Rhd1 1-0

[Event "4NCL/Div4/GREN vs. MET"]
[Site "Birmingham ENG"]
[Date "2006.09.24"]
[Round "2.3"]
[White "Hardy, Roger"]
[Black "Djabri, Zafer M"]
[Result "0-1"]
[WhiteElo "2033"]
[BlackElo "2059"]
[PlyCount "112"]
[EventDate "2006.09.24"]
[EventType "team"]
[EventRounds "11"]
[EventCountry "ENG"]
[WhiteTeam "Grendels Mother"]
[BlackTeam "Metropolitan"]

1. d4 d5 2. c4 dxc4 3. e4 e5 4. Nf3 exd4 5. Qxd4 Qxd4 6. Nxd4 Bc5 7. Nb5 Bb6 8.
Bf4 Na6 9. Bxc4 Nf6 10. N1c3 O-O 11. O-O Be6 12. Na3 Nc5 13. Nd5 Ncxe4 14. Nxb6
cxb6 15. Bxe6 fxe6 16. Rfe1 Nd5 17. Rxe4 Nxf4 18. g3 Nh3+ 19. Kg2 Nxf2 20. Rxe6
Nd3 21. Re2 Rae8 22. Rxe8 Rxe8 23. Nc4 Nxb2 24. Nd6 Re2+ 25. Kf3 Rxh2 26. Re1
h6 27. Re8+ Kh7 28. Re7 Rh5 29. Rxb7 Ra5 30. Ne8 Kg6 31. Rxg7+ Kf5 32. g4+ Ke5
33. Re7+ Kd4 34. Re4+ Kc3 35. Re6 h5 36. gxh5 Rxh5 37. Nd6 Ra5 38. Re3+ Kc2 39.
a3 Rc5 40. Ne4 Rc7 41. Nd6 Nc4 42. Re2+ Kb3 43. Nb5 Rf7+ 44. Ke4 a6 45. Nd4+
Kxa3 46. Kd3 Kb4 47. Kc2 a5 48. Kb1 a4 49. Ka2 b5 50. Rh2 Rd7 51. Nc2+ Kc3 52.
Na3 Nxa3 53. Kxa3 b4+ 54. Kxa4 Ra7+ 55. Kb5 b3 56. Rh3+ Kb2 0-1

[Event "4NCL/Div4/GREN vs. MET"]
[Site "Birmingham ENG"]
[Date "2006.09.24"]
[Round "2.4"]
[White "Djabri, Katherine"]
[Black "Littlejohns, David P"]
[Result "1/2-1/2"]
[WhiteElo "2009"]
[BlackElo "2081"]
[PlyCount "59"]
[EventDate "2006.09.24"]
[EventType "team"]
[EventRounds "11"]
[EventCountry "ENG"]
[WhiteTeam "Metropolitan"]
[BlackTeam "Grendels Mother"]

1. e4 c6 2. d4 d5 3. exd5 cxd5 4. c4 Nf6 5. Nc3 Nc6 6. Nf3 Bg4 7. Be2 e6 8. a3
Be7 9. O-O O-O 10. cxd5 Nxd5 11. Re1 Bf6 12. Be3 Rc8 13. Rc1 Nb6 14. Ne4 Bxf3
15. Nxf6+ Qxf6 16. Bxf3 Nd5 17. Bxd5 exd5 18. Qg4 Qe6 19. Qf4 Qd7 20. h3 Rfe8
21. Bd2 f6 22. f3 Kf7 23. Bc3 Rxe1+ 24. Rxe1 Re8 25. Rxe8 Qxe8 26. Kf2 Qd7 27.
g4 Ne7 28. Qb8 a6 29. Qg3 Ng6 30. h4 1/2-1/2

[Event "4NCL/Div4/GREN vs. MET"]
[Site "Birmingham ENG"]
[Date "2006.09.24"]
[Round "2.5"]
[White "Bromilow, Edward"]
[Black "Murphy, Kieran"]
[Result "0-1"]
[WhiteElo "1965"]
[BlackElo "2033"]
[PlyCount "94"]
[EventDate "2006.09.24"]
[EventType "team"]
[EventRounds "11"]
[EventCountry "ENG"]
[WhiteTeam "Grendels Mother"]
[BlackTeam "Metropolitan"]

1. d4 e6 2. Nf3 Nf6 3. e3 d5 4. Bd3 c5 5. b3 Nc6 6. Bb2 Bd6 7. Nbd2 O-O 8. O-O
Qc7 9. a3 e5 10. dxc5 Bxc5 11. e4 Be6 12. b4 Bd6 13. Re1 d4 14. Rc1 a6 15. c3
dxc3 16. Rxc3 Qb6 17. Nc4 Bxc4 18. Rxc4 Rad8 19. Qe2 Rd7 20. Rd1 Rfd8 21. Rcc1
Bb8 22. h3 Nh5 23. Bc4 Nf4 24. Qf1 Nd4 25. Nxd4 exd4 26. g3 Qg6 27. Bd3 Ne6 28.
Qg2 Qf6 29. f4 Nc7 30. Rc5 Ba7 31. Rh5 Qe6 32. f5 Qb3 33. Qe2 Ne8 34. e5 Re7
35. Rd2 Nf6 36. Rh4 Rde8 37. Bxd4 Bxd4+ 38. Rxd4 Rxe5 39. Qf2 Qxa3 40. Kg2 Qc1
41. Rc2 Qe3 42. Qxe3 Rxe3 43. Rc7 R3e7 44. Rdc4 Re3 45. Rd4 Nh5 46. g4 Rxd3 47.
Re7 Nf4+ 0-1

[Event "4NCL/Div4/GREN vs. MET"]
[Site "Birmingham ENG"]
[Date "2006.09.24"]
[Round "2.6"]
[White "Cooke, Charlie"]
[Black "Hibbitt, Arthur M"]
[Result "1/2-1/2"]
[WhiteElo "1945"]
[BlackElo "1895"]
[PlyCount "97"]
[EventDate "2006.09.24"]
[EventType "team"]
[EventRounds "11"]
[EventCountry "ENG"]
[WhiteTeam "Metropolitan"]
[BlackTeam "Grendels Mother"]

1. d4 e6 2. c4 b6 3. Nc3 Bb7 4. e3 Bb4 5. Bd2 f5 6. a3 Be7 7. Nf3 Nf6 8. Be2
O-O 9. O-O c5 10. Rc1 cxd4 11. Nxd4 Nc6 12. Bf3 Qb8 13. Nxc6 Bxc6 14. Bxc6 dxc6
15. f4 Qb7 16. Qe2 Rad8 17. Rcd1 Rd7 18. Bc1 Rfd8 19. Rxd7 Rxd7 20. Rd1 a6 21.
Rxd7 Qxd7 22. Qd2 Qc7 23. h3 b5 24. Qd4 Nd7 25. g3 Bf6 26. Qd3 Nc5 27. Qf1 Qd6
28. cxb5 axb5 29. Ne2 Ne4 30. Qe1 Qd3 31. Kg2 Qc2 32. b4 Bc3 33. Qf1 Bb2 34.
Bxb2 Qxb2 35. Qd1 h6 36. Qd3 Nc3 37. Qxc3 Qxe2+ 38. Kg1 Qf3 39. Qe1 Qe4 40. Qd2
Qb1+ 41. Kg2 Qb3 42. Qc1 Qd5+ 43. Kf2 Kf7 44. g4 g6 45. Kg3 e5 46. Qc3 e4 47.
Qh8 Qd3 48. Qh7+ Kf6 49. Qh8+ 1/2-1/2

[Event "4NCL/Div4/CAMB2 vs. CELT"]
[Site "Birmingham ENG"]
[Date "2006.09.24"]
[Round "2.1"]
[White "Cooley, Oliver"]
[Black "Hoffmann, Hendrik"]
[Result "1/2-1/2"]
[WhiteElo "2101"]
[BlackElo "2329"]
[PlyCount "85"]
[EventDate "2006.09.24"]
[EventType "team"]
[EventRounds "11"]
[EventCountry "ENG"]
[WhiteTeam "Cambridge Uni 2 "]
[BlackTeam "Celtic Tigers"]

1. e4 c5 2. Nf3 d6 3. d4 cxd4 4. Nxd4 Nf6 5. Nc3 a6 6. g3 b5 7. Bg2 Bb7 8. O-O
e6 9. Re1 Qc7 10. e5 dxe5 11. Bxb7 Qxb7 12. Qf3 Qxf3 13. Nxf3 Nc6 14. Bg5 Nd4
15. Nxd4 exd4 16. Bxf6 gxf6 17. Nd5 Rc8 18. c3 Be7 19. Nxe7 Kxe7 20. cxd4 Rhd8
21. Rac1 Rxc1 22. Rxc1 Rxd4 23. Rc7+ Rd7 24. Rc6 Ra7 25. Rc8 f5 26. Rh8 Rc7 27.
Ra8 Rc6 28. b3 e5 29. a4 bxa4 30. bxa4 e4 31. Kf1 Ke6 32. Ke2 Kd5 33. Ke3 Ke5
34. Re8+ Re6 35. Rc8 Rb6 36. Rc5+ Ke6 37. Kf4 Rb2 38. Re5+ Kd6 39. Rxf5 Rxf2+
40. Kxe4 Rxh2 41. Rxf7 Kc5 42. Rb7 Kc6 43. Rg7 1/2-1/2

[Event "4NCL/Div4/CAMB2 vs. CELT"]
[Site "Birmingham ENG"]
[Date "2006.09.24"]
[Round "2.2"]
[White "Thomas, Robert K"]
[Black "Gooding, Ian"]
[Result "1/2-1/2"]
[WhiteElo "2132"]
[BlackElo "2013"]
[PlyCount "80"]
[EventDate "2006.09.24"]
[EventType "team"]
[EventRounds "11"]
[EventCountry "ENG"]
[WhiteTeam "Celtic Tigers"]
[BlackTeam "Cambridge Uni 2 "]

1. d4 d5 2. c4 c6 3. Nf3 Nf6 4. Nc3 dxc4 5. a4 Na6 6. e3 Bg4 7. Bxc4 e6 8. O-O
Nb4 9. Qe2 Be7 10. h3 Bxf3 11. Qxf3 O-O 12. Rd1 a5 13. Qe2 Qc7 14. e4 e5 15.
Be3 exd4 16. Bxd4 Rad8 17. Rd2 Nc2 18. Rad1 Nxd4 19. Rxd4 Rxd4 20. Rxd4 Qe5 21.
Rd2 Bb4 22. Rd3 Re8 23. Re3 Bd6 24. g3 Bc5 25. Rf3 Bd4 26. Kh2 Bxc3 27. bxc3 h5
28. Re3 h4 29. Qf3 hxg3+ 30. fxg3 b5 31. axb5 cxb5 32. Ba2 Rd8 33. Qe2 b4 34.
cxb4 axb4 35. Kg2 Qd4 36. g4 Qd2 37. Kf3 Qxe2+ 38. Kxe2 Ra8 39. Bb1 Rb8 40. e5
Nd5 1/2-1/2

[Event "4NCL/Div4/CAMB2 vs. CELT"]
[Site "Birmingham ENG"]
[Date "2006.09.24"]
[Round "2.3"]
[White "Campbell, Mark"]
[Black "Fathallah, Joe"]
[Result "1-0"]
[WhiteElo "1975"]
[BlackElo "1922"]
[PlyCount "85"]
[EventDate "2006.09.24"]
[EventType "team"]
[EventRounds "11"]
[EventCountry "ENG"]
[WhiteTeam "Cambridge Uni 2 "]
[BlackTeam "Celtic Tigers"]

1. e4 e6 2. d4 d5 3. e5 c5 4. c3 Nc6 5. Nf3 Qb6 6. a3 Bd7 7. b4 cxd4 8. cxd4
Nge7 9. Be3 Ng6 10. Bd3 Rc8 11. O-O Be7 12. Nbd2 f5 13. exf6 gxf6 14. h4 Bd6
15. g3 Rg8 16. h5 Nge7 17. Bxh7 Rg7 18. Bd3 Qc7 19. h6 Rg8 20. h7 Rh8 21. Nh4
Bxg3 22. Qh5+ Kd8 23. fxg3 Qxg3+ 24. Ng2 e5 25. Rf3 Bg4 26. Rxg3 Bxh5 27. Rh3
Bg6 28. Bxg6 Nxg6 29. Rh6 exd4 30. Bf2 Nce5 31. Bxd4 Rc2 32. Nb3 Ke7 33. Ne3
Nf3+ 34. Kh1 Re2 35. Nxd5+ Kd6 36. Bxf6 Kxd5 37. Bxh8 Nxh8 38. Rf1 Re1 39. Rxe1
Nxe1 40. Rf6 Kc4 41. Na5+ Kb5 42. Rf8 Ng6 43. Rg8 1-0